| 000 | 03557cam a22005174i 4500 | ||
|---|---|---|---|
| 003 | PE-LiUPU | ||
| 005 | 20260423175757.0 | ||
| 008 | 150706s2003 ag rb 000 0 spa d | ||
| 020 | _a9505739656 | ||
| 035 | _a(Sirsi) i9789505739653 | ||
| 040 |
_aPE-LiUPU _bspa _cPE-LiUPU _erda |
||
| 049 | _aPRUA | ||
| 050 | 4 |
_aBT886 _b.G85 2003 |
|
| 082 | 0 | 4 |
_a236 _bG973c _223 |
| 100 | 1 |
_aGulley, Norman , _eautor. |
|
| 245 | 1 | 1 |
_a¡Cristo viene! : _bun enfoque cristocéntrico de los eventos de los últimos días / _cNorman Gulley. |
| 264 | 1 |
_aBuenos Aires, AG : _bACES, _c2003. |
|
| 300 |
_a624 páginas ; _c24 centímetros |
||
| 336 |
_atext _2rdacontent |
||
| 337 |
_aunmediated _2rdamedia |
||
| 338 |
_avolume _2rdacarrier |
||
| 504 | _aIncluye referencias bibliográficas al final de cada capítulo. | ||
| 505 | 0 | _aInformación para el viaje -- Esperanza para el hombre posmoderno -- La gran cosmovisión bíblica -- Cristo conoce el futuro -- Cristo está al mando de los eventos finales -- Vista anticipada de los eventos de los últimos días -- Eventos finales según el dispensacionalismo -- Otras perspectivas acerca de los acontecimientos finales -- El papel de la iglesia católica -- El movimiento ecuménico -- El espiritismo moderno -- El espiritismo moderno -- El movimiento carismático -- Teosofías: Raíces del movimiento de la nueva era -- El movimiento de la nueva era y los acontecimientos finales -- El ataque de la nueva era sobre Jesucristo -- La coalición cristiana y el final -- La escatología de la teología del dominio -- Precursores de la escatología del tiempo del fin -- "De ninguna manera moriréis" -- El estado intermedio -- El purgatorio -- Concepción Holística de la naturaleza humana -- La idea cristiana de la muerte -- Se recalienta el debate acerca del infierno -- Las cosmovisiones bíblicas y el infierno -- La batalla contra el sábado -- ¿Está en crisis el sábado? -- El domingo: El Sábado de Satanás -- El sábado cristiano -- El problema real en la venidera ley dominical -- Evolución: teoría en crisis -- Evidencias contra la evolución -- La evolución bajo presión y un desafío del tiempo del fin -- El juicio anterior al advenimiento -- Las buenas nuevas del juicio anterior al advenimiento -- Las buenas nuevas del juicio anterior al advenimiento -- El milenio -- Cómo tener seguridad -- El viaje -- Es el tiemplo del fin -- La última ofensiva de Satanás para dominar el mundo -- "y se maravilló toda la tierra" -- El tiempo de angustia previo -- Dos reuniones en marcha -- El gran tiempo de angustia -- La mayor operación rescate de todos los tiempos -- El otro viaje. | |
| 526 | _aSEG42 | ||
| 526 | _aSEG41 | ||
| 526 | _aSEG40 | ||
| 526 | _aSEG39 | ||
| 526 | _aP94 | ||
| 526 | _aP87 | ||
| 526 | _aP86 | ||
| 526 | _aP85 | ||
| 526 | _aP77 | ||
| 526 | _aP76 | ||
| 526 | _aP35 | ||
| 650 | 0 | 4 |
_aEscatología. _95923 |
| 650 | 0 | 0 |
_aAdventistas del séptimo día _xGobierno _93095 |
| 650 | 0 | 0 |
_aFin del mundo _93096 |
| 650 | 0 | 0 |
_aSegunda venida _93097 |
| 910 | _agl | ||
| 942 |
_2ddc _cBK _n0 |
||
| 949 |
_a236 G973¡ _wDEWEY _c1 _i64384 _lCIA _mBWL _p20.00 _r1 _sY _tBOOK _u2015-7-6 _xWHITE _zUNKNOWN _o.STAFF. Colección General |
||
| 949 |
_a236.9 G91 _wDEWEY _c1 _i53830 _d2017-6-30 _e2017-6-27 _f2017-2-14 _g1 _lCCODEBUL1 _mBUL _n11 _r0 _sY _tBOOK _u2015-6-25 _xTEOLOGIA _zUNKNOWN _0COMPRA _o.STAFF. Colección General |
||
| 980 |
_818226 _gJaime Vilcazán Jefe de Análisis Documental |
||
| 999 |
_c43924 _d43924 |
||